| 000 | 00478nam a22001937a 4500 | ||
|---|---|---|---|
| 003 | CEME | ||
| 005 | 20210628202843.0 | ||
| 008 | 210126b xxu||||| |||| 00| 0 eng d | ||
| 020 | _a0-07-049492-4 | ||
| 040 | _c. | ||
| 082 | _a621.3815 JAI | ||
| 100 |
_aJain, R . P _961974 |
||
| 245 | _aModern digital electronics | ||
| 250 | _a3RD | ||
| 260 |
_aNEW DELHI _bISLAMIC PUBLICATIONS _c2003 |
||
| 300 | _aXXIV,611 P | ||
| 650 |
_aDIGITAL ELECTRONICS _93115 |
||
| 942 |
_cBK _2ddc |
||
| 999 |
_c571235 _d571235 |
||